Т. 7; История марксистской философии

Detalles Bibliográficos
Parent link:История марксистской философии: в 8 т.. Т. 7.— , 2005.— 7-200-03206-9
Lenguaje:chino
Publicado: 2005
Materias:
Formato: Libro
KOHA link:https://koha.lib.tpu.ru/cgi-bin/koha/opac-detail.pl?biblionumber=118298

MARC

LEADER 00000nam2a2200000 4500
001 118298
005 20231031124101.0
035 |a (RuTPU)RU\TPU\book\128016 
035 |a RU\TPU\book\128006 
090 |a 118298 
100 |a 20070609d2005 km y0chiy50 ea 
101 0 |a chi 
102 |a CN 
105 |a y z 000zb 
200 0 |a Т. 7 
210 |d 2005 
215 |a 629 с. 
461 1 |0 (RuTPU)RU\TPU\book\128297  |y 7-200-03206-9  |t История марксистской философии  |o в 8 т.  |v Т. 7  |d 2005  |s Библиотека Китая 
600 1 |a Маркс  |g Карл  |b К.  |c немецкий мыслитель  |c общественный деятель  |c основоположник марксизма  |f 1818-1883  |2 stltpush  |3 (RuTPU)RU\TPU\pers\297 
610 1 |a философия 
610 1 |a история 
610 1 |a марксизм 
610 1 |a философские течения 
610 1 |a 19 век 
610 1 |a 20 век 
610 1 |a марксистская философия 
610 1 |a теория 
610 1 |a практика 
801 1 |a RU  |b 63413507  |c 20070609  |g PSBO 
801 2 |a RU  |b 63413507  |c 20070705  |g PSBO 
942 |c BK